Statistiques concernant Mots de la langue française terminés par "ban"

Cliquez ici pour prendre le quiz!

Statistiques générales

  • Ce quiz a été pris 150 fois
  • Le résultat moyen est 8 sur 16

Statistiques - réponses

IndiceMot% Correct
pays au Moyen-OrientLiban
88%
publicationban
85%
manteaucaban
78%
prénom masculinAlban
76%
coiffureturban
74%
fier comme ...Artaban
60%
banderuban
55%
militant sunnitetaliban
53%
pirateforban
52%
82000Montauban
42%
ville d'Afrique du SudDurban
40%
cordagehauban
37%
Sébastien Le Prestre (1633-1707)Vauban
26%
qui boite (familier)banban
7%
encensoliban
4%
bureauscriban
2%

Distribution des résultats

Percentile par nombre de réponses

% des personnes avec chaque résultat

Votre développement - résultats

Vous n’avez pas pris ce quiz